| 000 | 00388 a2200133 4500 | ||
|---|---|---|---|
| 001 | 91492 | ||
| 082 | _aPR 1457 | ||
| 090 |
_c43632 _d43631 |
||
| 100 | _aAftab Zafar; Prof Muhammad Ramzan (Advisor) | ||
| 245 |
_aDesign and Fabrication of Analog to Digital and Digital to Analog Converter _n59 "B" EC |
||
| 260 |
_aRawalpindi _bNUST _c2004 |
||
| 300 | _a30p | ||
| 500 | _aBE Project Reports | ||
| 942 |
_aCAE NUST _kPR 1457 |
||
| 999 |
_c326565 _d326565 |
||